Bibliography on urbanization in india ( 1947-1976) / (Record no. 122875)

MARC details
000 -LEADER
fixed length control field 00694nam a22002417a 4500
005 - DATE AND TIME OF LATEST TRANSACTION
control field 20170124105916.0
010 ## - LIBRARY OF CONGRESS CONTROL NUMBER
LC control number 808709
020 ## - INTERNATIONAL STANDARD BOOK NUMBER
Terms of availability 00
035 ## - SYSTEM CONTROL NUMBER
System control number 808709
037 ## - SOURCE OF ACQUISITION
Source of stock number/acquisition Cen Lib/Ret
040 ## - CATALOGING SOURCE
Original cataloging agency DPL
Language of cataloging EN
082 ## - DEWEY DECIMAL CLASSIFICATION NUMBER
Classification number 016.30136
Item number BOS
100 ## - MAIN ENTRY--PERSONAL NAME
Personal name Bose, Ashish
9 (RLIN) 106832
245 ## - TITLE STATEMENT
Title Bibliography on urbanization in india ( 1947-1976) /
Statement of responsibility, etc by Ashish Bose
246 ## - VARYING FORM OF TITLE
Remainder of title
260 ## - PUBLICATION, DISTRIBUTION, ETC. (IMPRINT)
Name of publisher, distributor, etc Tat Mcgraw Hill Publishing
Date of publication, distribution, etc 1976
Place of publication, distribution, etc New Delhi
270 ## - ADDRESS
City New Delhi
Address 12/24, Asaf Ali Road
300 ## - PHYSICAL DESCRIPTION
Extent xxxi,179p.
Dimensions 23cm(Hb)
500 ## - GENERAL NOTE
General note includes index
650 ## - SUBJECT ADDED ENTRY--TOPICAL TERM
Topical term or geographic name as entry element Bibliographies
9 (RLIN) 901
650 ## - SUBJECT ADDED ENTRY--TOPICAL TERM
Topical term or geographic name as entry element Urbanizations
General subdivision
9 (RLIN) 106833
942 ## - ADDED ENTRY ELEMENTS (KOHA)
Source of classification or shelving scheme Dewey Decimal Classification
Koha item type English Books
Classification part 016.30136
Call number suffix BOS
Holdings
Withdrawn status Lost status Damaged status Not for loan Collection code Home library Current library Date acquired Source of acquisition Cost, normal purchase price Total Checkouts Full call number Barcode Date last seen Copy number Cost, replacement price Price effective from Koha item type
      Not For Loan Reference Central Library Central Library 30/05/2015 Cen Lib/Ret 0.00   016.30136 BOS 808709 30/05/2015 1 0.00 30/05/2015 English Books

© Delhi Public Library
Hit Counter
free hit counter